000 01899nam a22003497i 4500
001 217929
003 ES-MaBCM
005 20250717135830.0
008 210505t2021 sp |||||s||||o00| 0 spa d
040 _cES-MaBCM
245 0 0 _aAspectos económicos de la crisis del Covid-19
_h[Recurso electrónico]
_cFlorentino Felgueroso y Angel de la Fuente, coordinadores ; José E. Boscá ... [et al.]
260 _aMadrid
_b : Fundación de Estudios de Economía Aplicada (FEDEA)
_c, 2021
300 _a73 p.
490 0 _aEstudios sobre la economía española
_v2021/09
490 0 _aBoletín de seguimiento
_v9
504 _aContiene referencias bibliográficas
520 _aEste documento es parte de una serie de boletines de seguimiento de la crisis del Covid. En él se recopila una batería de indicadores de los efectos de la pandemia sobre la actividad económica y las cuentas públicas, se analizan y valoran las principales medidas económicas que se han tomado en relación con ella en las últimas semanas y se ofrece un análisis de algunos aspectos de la evolución reciente del mercado de trabajo. También se incluye una sección sobre la evolución de la pandemia y una tribuna invitada firmada por Judit Vall Castelló.
650 _aEnfermedad por coronavirus
_9129538
650 7 _aEpidemia
_958578
650 7 _aEnfermedad infecciosa
_958552
650 7 _aCondición económica
_957634
650 7 _aAspecto social
_957636
650 7 _aHacienda pública
_958860
650 7 _aEnfermedad mental
_958553
650 7 _aMercado laboral
_959396
651 4 _aEspaña
_9115342
700 1 _915061
_aFelgueroso, Florentino
700 1 _aFuente Moreno, Ángel de la
_916811
700 1 _95984
_aBosca, José Emilio
856 _uhttp://mpr.orex.es/cgi-bin/koha/opac-retrieve-file.pl?id=18f6f025afdc0a6b61a098c3ad144efe
_yDESCARGAR DOCUMENTO
942 _2udc
_cLE
999 _c217929
_d217929